Japan electronics almanac 1988
Đã lưu trong:
| 格式: | 圖書 |
|---|---|
| 語言: | Undetermined |
| 出版: |
Tokyo
Hitachi
1988
|
| 主題: | |
| 標簽: |
添加標簽
沒有標簽, 成為第一個標記此記錄!
|
| Thư viện lưu trữ: | Trung tâm Học liệu Trường Đại học Cần Thơ |
|---|
| LEADER | 00469nam a2200181Ia 4500 | ||
|---|---|---|---|
| 001 | CTU_98147 | ||
| 008 | 210402s9999 xx 000 0 und d | ||
| 082 | |a 338.47621 | ||
| 082 | |b J35/1988 | ||
| 245 | 0 | |a Japan electronics almanac 1988 | |
| 260 | |a Tokyo | ||
| 260 | |b Hitachi | ||
| 260 | |c 1988 | ||
| 650 | |a Electronic industries | ||
| 650 | |x Statistics,Periodicals | ||
| 650 | |z Japan | ||
| 904 | |i Truc | ||
| 980 | |a Trung tâm Học liệu Trường Đại học Cần Thơ | ||